UITU Library & LRC     

Manufacturing Processes and Automation (Record no. 11765)

MARC details
000 -LEADER
fixed length control field 00473nam a2200181Ia 4500
008 - FIXED-LENGTH DATA ELEMENTS--GENERAL INFORMATION
fixed length control field 240925s9999 xx 000 0 und d
020 ## - INTERNATIONAL STANDARD BOOK NUMBER
International Standard Book Number 9788174092366
082 ## - DEWEY DECIMAL CLASSIFICATION NUMBER
Classification number 670 PAR
100 ## - MAIN ENTRY--PERSONAL NAME
Personal name Parmar R. S.
245 #0 - TITLE STATEMENT
Title Manufacturing Processes and Automation
250 ## - EDITION STATEMENT
Edition statement 1st
260 ## - PUBLICATION, DISTRIBUTION, ETC.
Place of publication, distribution, etc. New Delhi:
Name of publisher, distributor, etc. Khanna Publishers
Date of publication, distribution, etc. ,2009.
300 ## - PHYSICAL DESCRIPTION
Extent xxviii,589p.
Other physical details N.A
Type of unit Original
500 ## - GENERAL NOTE
General note Includes Index
600 ## - SUBJECT ADDED ENTRY--PERSONAL NAME
Personal name Social Sciences
650 ## - SUBJECT ADDED ENTRY--TOPICAL TERM
Topical term or geographic name entry element Management
942 ## - ADDED ENTRY ELEMENTS (KOHA)
Koha item type Books
Holdings
Withdrawn status Lost status Damaged status Not for loan Collection Home library Current library Date acquired Source of acquisition Cost, normal purchase price Total checkouts Full call number Barcode Date due Date last seen Date last checked out Price effective from Koha item type
        Managament Sciences UITU Library UITU Library 05/30/2012 H & S Enterprises 505.25 1 670 PAR Q9266 05/08/2026 10/30/2025 10/30/2025 09/25/2024 Books

Powered by Koha